[Event "Matola zt 4.3 (Women)"]
[Site "Matola"]
[Date "2018.04.09"]
[Round "2.6"]
[White "Hamoonga, Linda Banti"]
[Black "Mudongo, Boikhutso"]
[Result "1-0"]
[WhiteElo "1750"]
[BlackElo "1744"]
[PlyCount "93"]
[EventDate "2018.04.08"]
[EventType "swiss"]
[EventRounds "9"]
[EventCountry "MOZ"]
[SourceTitle "EXT 2024"]
[Source "ChessBase"]
[SourceDate "2023.10.10"]
[SourceVersion "1"]
[SourceVersionDate "2023.10.10"]
[SourceQuality "1"]

1. d4 d5 2. Nf3 Nf6 3. e3 e6 4. c4 Nbd7 5. Nc3 Be7 6. Qc2 0-0 7. Bd3 dxc4 8. Bxc4 c5 9. 0-0 a6 10. dxc5 Nxc5 11. b4 Ncd7 12. Qb3 b5 13. Be2 Bb7 14. Bb2 Rc8 15. Rac1 Qb6 16. Rfd1 Nd5 17. a3 N7f6 18. Nd4 Nxc3 19. Bxc3 Bd5 20. Qb2 Ne4 21. Be1 Bf6 22. h3 h6 23. Qb1 Rfd8 24. Bf3 Qb7 25. Ne2 Rxc1 26. Rxc1 Nd6 27. Bxd5 Qxd5 28. Nf4 Qb7 29. Bc3 Bxc3 30. Rxc3 Nc4 31. Rd3 Qc7 32. Qc2 Rxd3 33. Qxd3 a5 34. Qc3 axb4 35. axb4 Qa7 36. Ne2 e5 37. Nc1 Qa4 38. Nd3 Qd1+ 39. Kh2 Qe2 40. Nxe5 Nxe5 41. Qxe5 Qxf2 42. Qe8+ Kh7 43. Qxb5 Qxe3 44. Qf5+ Kg8 45. b5 g6 46. Qc8+ Kg7 47. Qc7 1-0

[Event "Matola zt 4.3 (Women)"]
[Site "Matola"]
[Date "2018.04.08"]
[Round "1.7"]
[White "Mudongo, Boikhutso"]
[Black "De Castro, Neusa Aridas"]
[Result "0-1"]
[WhiteElo "1744"]
[BlackElo "1455"]
[PlyCount "88"]
[EventDate "2018.04.08"]
[EventType "swiss"]
[EventRounds "9"]
[EventCountry "MOZ"]
[SourceTitle "EXT 2024"]
[Source "ChessBase"]
[SourceDate "2023.10.10"]
[SourceVersion "1"]
[SourceVersionDate "2023.10.10"]
[SourceQuality "1"]

1. e4 e6 2. d4 d5 3. e5 c5 4. Qg4 cxd4 5. Bd3 Nc6 6. Nf3 Nge7 7. 0-0 g6 8. a3 Bg7 9. Re1 0-0 10. Nbd2 Re8 11. Nb3 Nf5 12. h4 h5 13. Qh3 Bh6 14. Bxh6 Nxh6 15. Nbxd4 Nxd4 16. Nxd4 Qb6 17. Qe3 Kg7 18. b4 Ng4 19. Qf4 Qd8 20. Qg3 Bd7 21. Be2 Rh8 22. Bd3 Qb6 23. Qf4 Qd8 24. g3 Rc8 25. Re2 Qe7 26. Kg2 Ba4 27. Nf3 Qc7 28. Nd4 Qe7 29. Ree1 b6 30. Qd2 Qc7 31. Qf4 Qe7 32. Qd2 Qc7 33. f3 Nxe5 34. Ba6 Nc4 35. Qc3 Kh7 36. Bxc8 Rxc8 37. Re2 e5 38. Nb3 d4 39. Qd3 Bb5 40. Kh2 Nxa3 41. Qe4 Bxe2 42. Qxe2 Qxc2 43. Qxc2 Rxc2+ 44. Kg1 Nb5 0-1

[Event "BOT-ch (Women)"]
[Site "Gaborone"]
[Date "2018.03.31"]
[Round "4.5"]
[White "Mudongo, Boikhutso"]
[Black "Besa, Masaiti"]
[Result "0-1"]
[WhiteElo "1749"]
[BlackElo "1500"]
[PlyCount "71"]
[EventDate "2018.03.30"]
[EventType "swiss"]
[EventRounds "7"]
[EventCountry "BOT"]
[SourceTitle "EXT 2024"]
[Source "ChessBase"]
[SourceDate "2023.10.10"]
[SourceVersion "1"]
[SourceVersionDate "2023.10.10"]
[SourceQuality "1"]

1. e4 c5 2. Nf3 d6 3. d4 cxd4 4. Nxd4 Nf6 5. Nc3 a6 6. Be2 e6 7. 0-0 Be7 8. Be3 b5 9. a3 Bb7 10. f3 0-0 11. Kh1 Nbd7 12. Qe1 d5 13. exd5 Nxd5 14. Nxd5 Bxd5 15. Qg3 Re8 16. Rad1 Rc8 17. c3 Nf8 18. f4 Qc7 19. Qh3 Ng6 20. f5 Nh4 21. Rf2 Qe5 22. fxe6 fxe6 23. Bc1 Rf8 24. Nf3 Nxf3 25. Bxf3 Bxf3 26. Rxf3 Rxf3 27. Qxf3 Rf8 28. Qe3 Qf5 29. Qe2 Bd6 30. g3 Bb8 31. Kg2 e5 32. Rf1 Qxf1+ 33. Qxf1 Rxf1 34. Kxf1 Kf7 35. Ke2 Ke6 36. Kd3 0-1

[Event "BOT-ch (Women)"]
[Site "Gaborone"]
[Date "2018.03.29"]
[Round "1.2"]
[White "Mudongo, Boikhutso"]
[Black "Thapelo, Francis"]
[Result "1-0"]
[WhiteElo "1749"]
[BlackElo "1667"]
[PlyCount "58"]
[EventDate "2018.03.30"]
[EventType "swiss"]
[EventRounds "7"]
[EventCountry "BOT"]
[SourceTitle "EXT 2024"]
[Source "ChessBase"]
[SourceDate "2023.10.10"]
[SourceVersion "1"]
[SourceVersionDate "2023.10.10"]
[SourceQuality "1"]

1. e4 e5 2. Nf3 Nc6 3. Bb5 Bc5 4. 0-0 a6 5. Ba4 b5 6. Bb3 Nf6 7. h3 0-0 8. d3 h6 9. c3 d6 10. Nbd2 Be6 11. Bc2 Nh7 12. Re1 f5 13. exf5 Bxf5 14. Ne4 Ba7 15. Ng3 Bg6 16. Bb3+ Bf7 17. Be3 Kh8 18. d4 Bxb3 19. axb3 exd4 20. Nxd4 Bxd4 21. Bxd4 Nxd4 22. Qxd4 c5 23. Qd2 Qc7 24. Re6 Rf6 25. Rae1 Raf8 26. Rxf6 Nxf6 27. Nf5 d5 28. Re7 Qc8 29. Qxh6+ Nh7 1-0

[Event "Livingstone zt 4.3 (Women)"]
[Site "Livingstone"]
[Date "2017.06.12"]
[Round "5"]
[White "Francis, Onkemetse"]
[Black "Mudongo, Boikhutso"]
[Result "1/2-1/2"]
[WhiteElo "1837"]
[BlackElo "1774"]
[PlyCount "62"]
[EventDate "2017.06.10"]
[EventType "swiss"]
[EventRounds "9"]
[EventCountry "ZAM"]
[SourceTitle "EXT 2020"]
[Source "ChessBase"]
[SourceDate "2019.10.17"]
[SourceVersion "1"]
[SourceVersionDate "2019.10.17"]
[SourceQuality "1"]

1. e4 c5 2. Nc3 e6 3. d3 Nf6 4. g3 g6 5. Bg2 Bg7 6. Nf3 Nc6 7. 0-0 0-0 8. Be3 b6 9. h3 Bb7 10. Qd2 Re8 11. Bh6 Bh8 12. Rfe1 d6 13. Rad1 a6 14. Nh2 Qc7 15. Nf3 Rad8 16. a3 Nd7 17. Bg5 Rc8 18. Bf4 Nce5 19. Nxe5 Nxe5 20. Ne2 Nc6 21. c3 Na5 22. Nc1 Qd7 23. Qc2 Bg7 24. Nb3 Nxb3 25. Qxb3 b5 26. Qc2 Qd8 27. Qd2 Qb6 28. Be3 Qc7 29. Bf4 Qb6 30. Be3 Qc7 31. Bf4 Qb6 1/2-1/2

[Event "Africa-ch (Women)"]
[Site "Kampala"]
[Date "2016.07.21"]
[Round "5.4"]
[White "Mwango, Lorita"]
[Black "Mudongo, Boikhutso"]
[Result "1/2-1/2"]
[WhiteElo "1938"]
[BlackElo "1760"]
[PlyCount "32"]
[EventDate "2016.07.17"]
[EventType "swiss"]
[EventRounds "9"]
[EventCountry "UGA"]
[SourceTitle "EXT 2024"]
[Source "ChessBase"]
[SourceDate "2023.10.10"]
[SourceVersion "1"]
[SourceVersionDate "2023.10.10"]
[SourceQuality "1"]

1. c4 Nf6 2. Nc3 e6 3. g3 d5 4. Bg2 c6 5. cxd5 exd5 6. d4 Bd6 7. Nf3 h6 8. 0-0 Bg4 9. Qb3 Qc7 10. Bd2 Nbd7 11. Rac1 Qb6 12. Qxb6 Nxb6 13. Nb1 0-0 14. b3 Rfe8 15. e3 Nbd7 16. Nc3 Ne4 1/2-1/2

[Event "Olympiad Women-41"]
[Site "Tromsoe"]
[Date "2014.08.10"]
[Round "8.1"]
[White "Abarca Gonzalez, Damaris"]
[Black "Mudongo, Boikhutso"]
[Result "1-0"]
[WhiteElo "2049"]
[BlackElo "1844"]
[PlyCount "139"]
[EventDate "2014.08.02"]
[EventType "team-swiss"]
[EventRounds "11"]
[EventCountry "NOR"]
[SourceTitle "CBM 162"]
[Source "ChessBase"]
[SourceDate "2014.09.17"]
[SourceVersion "1"]
[SourceVersionDate "2014.09.17"]
[SourceQuality "1"]
[WhiteTeam "Chile (W)"]
[BlackTeam "Botswana (W)"]
[WhiteTeamCountry "CHI"]
[BlackTeamCountry "BOT"]

1. e4 c5 2. Nf3 d6 3. d4 cxd4 4. Nxd4 Nf6 5. Nc3 a6 6. Be2 e6 7. Be3 Be7 8. 0-0 Qc7 9. a4 b6 10. Kh1 Bb7 11. f3 d5 12. exd5 Nxd5 13. Nxd5 Bxd5 14. c4 Bb7 15. Qe1 Nd7 16. Qf2 Rc8 17. Rfc1 Bc5 18. Rab1 Qd6 19. Rd1 Qe7 20. Qg3 0-0 21. Bh6 Bxd4 22. Rxd4 f5 23. Bxg7 Qxg7 24. Qxg7+ Kxg7 25. Rxd7+ Rf7 26. Rd6 Rc6 27. Rbd1 Kf6 28. Kg1 a5 29. Kf2 Ke5 30. g3 Rfc7 31. f4+ Kf6 32. Rd7 Bc8 33. Rxc7 Rxc7 34. Rd6 Bd7 35. b3 Bc6 36. Bf3 Bxf3 37. Kxf3 Rb7 38. Ke3 Ke7 39. Rd2 Rc7 40. Rb2 Rc6 41. Rb1 h6 42. Kd4 Kd6 43. b4 axb4 44. Rxb4 Ke7 45. Rb5 h5 46. a5 bxa5 47. Rxa5 Rc7 48. Ra6 Rc8 49. Ra7+ Kf6 50. c5 Rd8+ 51. Kc3 Rc8 52. Kc4 Rb8 53. Ra2 Ke7 54. Rd2 Rb1 55. c6 Rc1+ 56. Kb5 Rb1+ 57. Ka6 Ra1+ 58. Kb7 Rb1+ 59. Kc7 Rb3 60. Rd7+ Ke8 61. Rh7 Rb2 62. Rxh5 Ke7 63. h4 Rb3 64. Rg5 Kf7 65. h5 Rb2 66. Kc8 Rc2 67. c7 Rb2 68. h6 Rh2 69. h7 Kf6 70. Kb8 1-0

[Event "Olympiad Women-41"]
[Site "Tromsoe"]
[Date "2014.08.05"]
[Round "4.1"]
[White "Mudongo, Boikhutso"]
[Black "Mwango, Lorita"]
[Result "0-1"]
[WhiteElo "1844"]
[BlackElo "1874"]
[PlyCount "132"]
[EventDate "2014.08.02"]
[EventType "team-swiss"]
[EventRounds "11"]
[EventCountry "NOR"]
[SourceTitle "CBM 162"]
[Source "ChessBase"]
[SourceDate "2014.09.17"]
[SourceVersion "1"]
[SourceVersionDate "2014.09.17"]
[SourceQuality "1"]
[WhiteTeam "Botswana (W)"]
[BlackTeam "Zambia (W)"]
[WhiteTeamCountry "BOT"]
[BlackTeamCountry "ZAM"]

1. e4 e6 2. d4 d5 3. Nc3 Nf6 4. Bg5 Be7 5. e5 Nfd7 6. Bxe7 Qxe7 7. Qd2 a6 8. f4 c5 9. Nf3 Nc6 10. g3 g6 11. Bg2 Nb6 12. b3 Bd7 13. 0-0 Rc8 14. Rfc1 cxd4 15. Ne2 0-0 16. Nexd4 Nxd4 17. Nxd4 Rc7 18. Re1 Rfc8 19. Bf1 Qc5 20. Kh1 Qc3 21. Qxc3 Rxc3 22. a4 Be8 23. Kg1 Nd7 24. Kf2 Nb8 25. Re3 R3c7 26. Bd3 Nc6 27. Nxc6 Rxc6 28. Re2 Rc3 29. Ra2 a5 30. Ke1 Kg7 31. Kd2 R3c7 32. Ke3 b6 33. Kd4 Rc5 34. Rd2 R8c7 35. Ra1 Bd7 36. h4 Rc8 37. g4 Rh8 38. h5 h6 39. hxg6 fxg6 40. Rh2 Rcc8 41. Rah1 Rcf8 42. Ke3 d4+ 43. Kf3 g5 44. Kg3 Rxf4 45. Rf2 Rhf8 46. Rhf1 Rxf2 47. Rxf2 Rxf2 48. Kxf2 Bc6 49. Ke2 Kf7 50. Kd2 Bf3 51. Be2 Bxe2 52. Kxe2 Kg6 53. Kd3 h5 54. Kxd4 hxg4 55. c3 g3 56. Ke3 Kf5 57. Kf3 Kxe5 58. Kxg3 Ke4 59. Kg4 Kd3 60. b4 Kxc3 61. bxa5 bxa5 62. Kxg5 Kd4 63. Kf4 e5+ 64. Kf3 Kd3 65. Kf2 Kc4 66. Ke3 Kb4 0-1

[Event "Olympiad Women-41"]
[Site "Tromsoe"]
[Date "2014.08.02"]
[Round "1.1"]
[White "Mudongo, Boikhutso"]
[Black "Olsarova, Karolina"]
[Result "0-1"]
[WhiteElo "1844"]
[BlackElo "2237"]
[PlyCount "42"]
[EventDate "2014.08.02"]
[EventType "team-swiss"]
[EventRounds "11"]
[EventCountry "NOR"]
[SourceTitle "CBM 162"]
[Source "ChessBase"]
[SourceDate "2014.09.17"]
[SourceVersion "1"]
[SourceVersionDate "2014.09.17"]
[SourceQuality "1"]
[WhiteTeam "Botswana (W)"]
[BlackTeam "Czech Republic (W)"]
[WhiteTeamCountry "BOT"]
[BlackTeamCountry "CZE"]

1. e4 e5 2. Nf3 Nc6 3. Bb5 a6 4. Ba4 Nf6 5. 0-0 Nxe4 6. Re1 Nc5 7. Nxe5 Nxe5 8. Rxe5+ Be7 9. Nc3 0-0 10. d4 Nxa4 11. Nxa4 d5 12. Qf3 Bf6 13. Re2 Bxd4 14. Bd2 Be6 15. Bb4 Re8 16. Rd1 Qh4 17. Qb3 b6 18. Nc3 c5 19. Ba3 Bg4 20. Rxe8+ Rxe8 21. Rf1 Qxf2+ 0-1

[Event "Africa-ch (Women)"]
[Site "Tunis"]
[Date "2013.05.20"]
[Round "3"]
[White "Mudongo, Boikhutso"]
[Black "Elansary, Eman"]
[Result "0-1"]
[WhiteElo "1875"]
[BlackElo "1859"]
[PlyCount "91"]
[EventDate "2013.05.18"]
[EventType "swiss"]
[EventRounds "9"]
[EventCountry "TUN"]
[SourceTitle "CBM 154 Extra"]
[Source "ChessBase"]
[SourceDate "2013.06.25"]
[SourceVersion "2"]
[SourceVersionDate "2013.06.25"]
[SourceQuality "1"]

1. Nf3 d5 2. g3 Nf6 3. Bg2 c5 4. d3 Nc6 5. 0-0 e5 6. e4 d4 7. Nbd2 Bd6 8. h3 0-0 9. a4 a6 10. Nc4 Rb8 11. a5 Bc7 12. Bd2 Be6 13. b3 Ne8 14. Qe1 f6 15. Nh4 Nd6 16. Nxd6 Bxd6 17. Nf5 Nb4 18. Qd1 Kh8 19. Nxd6 Qxd6 20. f4 Bd7 21. f5 b5 22. axb6 Qxb6 23. h4 a5 24. h5 h6 25. Qc1 Kh7 26. Bf3 a4 27. Qb2 axb3 28. Qxb3 Ra8 29. Rfb1 Rxa1 30. Rxa1 Rb8 31. Be2 Be8 32. Kg2 Qb7 33. Ra5 Bf7 34. Qa4 Be8 35. Qb3 Qc7 36. Ra1 Rb6 37. Bd1 Bf7 38. Qa3 Ra6 39. Qc1 Na2 40. Qb2 Qa7 41. c3 Rb6 42. Qc2 Qa3 43. c4 Rb2 44. Qa4 Rxd2+ 45. Kh3 Qxa4 46. Bxa4 0-1

[Event "Africa-ch (Women)"]
[Site "Tunis"]
[Date "2013.05.19"]
[Round "2"]
[White "Meddeb, Chadha"]
[Black "Mudongo, Boikhutso"]
[Result "0-1"]
[WhiteElo "1677"]
[BlackElo "1875"]
[PlyCount "112"]
[EventDate "2013.05.18"]
[EventType "swiss"]
[EventRounds "9"]
[EventCountry "TUN"]
[SourceTitle "CBM 154 Extra"]
[Source "ChessBase"]
[SourceDate "2013.06.25"]
[SourceVersion "2"]
[SourceVersionDate "2013.06.25"]
[SourceQuality "1"]

1. e4 c5 2. Nf3 d6 3. d4 cxd4 4. Nxd4 Nf6 5. Nc3 a6 6. Bg5 e6 7. f4 Be7 8. Qd2 Qc7 9. 0-0-0 b5 10. Bxf6 gxf6 11. Bxb5+ axb5 12. Ndxb5 Qb6 13. Nxd6+ Bxd6 14. Qxd6 Qxd6 15. Rxd6 Ke7 16. Rhd1 Nd7 17. a3 Rd8 18. Rc6 Nf8 19. Rc7+ Rd7 20. Rdxd7+ Nxd7 21. Ne2 Kd6 22. Rc4 Bb7 23. Nc3 Bc6 24. Ne2 Ra4 25. Rxa4 Bxa4 26. b4 Nb6 27. Nc3 Bc6 28. Kd2 Nc4+ 29. Kd3 Nxa3 30. g3 Bb5+ 31. Nxb5+ Nxb5 32. c4 Nc7 33. c5+ Kc6 34. Kc4 Nb5 35. g4 e5 36. f5 h6 37. Kb3 Kb7 38. Kc4 Kc6 39. Kb3 Kc7 40. Kc4 Na3+ 41. Kb3 Nb1 42. Kc2 Na3+ 43. Kb3 Nb5 44. Kc4 Kc6 45. h3 Nd4 46. h4 Nb5 47. Kb3 Nd4+ 48. Kc4 Ne2 49. b5+ Kc7 50. Kd3 Nf4+ 51. Kc4 Ne2 52. Kd3 Ng3 53. Ke3 Nf1+ 54. Kf2 Nd2 55. Ke3 Nb3 56. c6 Nd4 0-1

[Event "Africa-ch (Women)"]
[Site "Tunis"]
[Date "2013.05.18"]
[Round "1"]
[White "Mudongo, Boikhutso"]
[Black "Marzouk, Amira"]
[Result "1-0"]
[WhiteElo "1875"]
[BlackElo "1651"]
[PlyCount "55"]
[EventDate "2013.05.18"]
[EventType "swiss"]
[EventRounds "9"]
[EventCountry "TUN"]
[SourceTitle "CBM 154 Extra"]
[Source "ChessBase"]
[SourceDate "2013.06.25"]
[SourceVersion "2"]
[SourceVersionDate "2013.06.25"]
[SourceQuality "1"]

1. e4 e5 2. Nf3 Nf6 3. Nxe5 d6 4. Nf3 Nxe4 5. Bc4 Be7 6. 0-0 0-0 7. d3 Nf6 8. Bg5 Nc6 9. a3 Bg4 10. Nbd2 Ne5 11. Ba2 Nxf3+ 12. Nxf3 Re8 13. h3 Bh5 14. Re1 Nd7 15. Bf4 Bf6 16. g4 Bg6 17. Rb1 Rxe1+ 18. Qxe1 Qe8 19. Qd2 Ne5 20. Nxe5 Bxe5 21. Re1 Qb5 22. Bxe5 dxe5 23. Qc3 Re8 24. Bc4 Qd7 25. Rxe5 Kf8 26. Rxe8+ Qxe8 27. Qb4+ Qe7 28. Qxb7 1-0

[Event "Olympiad Women-40"]
[Site "Istanbul"]
[Date "2012.09.03"]
[Round "6.1"]
[White "Mudongo, Boikhutso"]
[Black "Arbunic Castro, Giovanna B"]
[Result "0-1"]
[WhiteElo "1862"]
[BlackElo "2098"]
[PlyCount "114"]
[EventDate "2012.08.28"]
[EventType "team-swiss"]
[EventRounds "11"]
[EventCountry "TUR"]
[SourceTitle "CBM 150 Extra"]
[Source "ChessBase"]
[SourceDate "2012.10.19"]
[SourceVersion "1"]
[SourceVersionDate "2012.10.19"]
[SourceQuality "1"]
[WhiteTeam "Botswana (W)"]
[BlackTeam "Chile (W)"]
[WhiteTeamCountry "BOT"]
[BlackTeamCountry "CHI"]

1. e4 c5 2. Nf3 e6 3. d4 cxd4 4. Nxd4 a6 5. a3 Qc7 6. Nc3 Nf6 7. Be2 d6 8. Be3 b5 9. f4 Bb7 10. Bf3 Be7 11. 0-0 0-0 12. Qe1 Nc6 13. Nxc6 Bxc6 14. Rd1 a5 15. Bf2 b4 16. Nb1 Qb7 17. axb4 Nxe4 18. b5 Bd5 19. c4 Nxf2 20. Qxf2 Bxf3 21. Qxf3 Qc7 22. Nd2 a4 23. Kh1 Bf6 24. Qa3 Rfd8 25. h3 Be7 26. Qc3 d5 27. Rc1 a3 28. bxa3 Rxa3 29. Qb2 Qa5 30. Ra1 Ra8 31. Rxa3 Bxa3 32. Qc2 Rc8 33. Rb1 Bb4 34. Nb3 Qb6 35. c5 Qxb5 36. Qc1 g6 37. Qc2 Qc4 38. Qf2 Bxc5 39. Nxc5 Qxc5 40. Qe1 Qc2 41. Ra1 Qb2 42. Rb1 Qf6 43. Rc1 Ra8 44. Qb4 d4 45. Qb7 Rd8 46. Qc7 d3 47. Rd1 Rd4 48. Qb8+ Kg7 49. Qb3 Qxf4 50. Qc3 d2 51. Kg1 e5 52. Qc7 Qe3+ 53. Kh2 Qe2 54. Qc2 e4 55. Qc3 Qd3 56. Qc7 Rd5 57. Rf1 Qxf1 0-1

[Event "Olympiad Women-40"]
[Site "Istanbul"]
[Date "2012.08.31"]
[Round "4.1"]
[White "Hallaeva, Bahar"]
[Black "Mudongo, Boikhutso"]
[Result "1/2-1/2"]
[WhiteElo "2174"]
[BlackElo "1862"]
[PlyCount "118"]
[EventDate "2012.08.28"]
[EventType "team-swiss"]
[EventRounds "11"]
[EventCountry "TUR"]
[SourceTitle "CBM 150 Extra"]
[Source "ChessBase"]
[SourceDate "2012.10.19"]
[SourceVersion "1"]
[SourceVersionDate "2012.10.19"]
[SourceQuality "1"]
[WhiteTeam "Turkmenistan (W)"]
[BlackTeam "Botswana (W)"]
[WhiteTeamCountry "TKM"]
[BlackTeamCountry "BOT"]

1. e4 c5 2. Nf3 d6 3. Bb5+ Bd7 4. Bxd7+ Nxd7 5. 0-0 Ngf6 6. Re1 Qc7 7. c4 e6 8. Nc3 a6 9. d3 Be7 10. h3 0-0 11. Bf4 Ne5 12. Rb1 Ng6 13. Be3 Nd7 14. Qd2 h6 15. Re2 Kh7 16. Rbe1 Rae8 17. Nh2 Bf6 18. f4 Bh4 19. Rf1 f5 20. Bf2 Bd8 21. g3 Nf6 22. Rfe1 Nh5 23. exf5 Rxf5 24. Nd5 Qf7 25. Ne3 Ngxf4 26. gxf4 Nxf4 27. Nxf5 Qxf5 28. Qe3 Bg5 29. Qe4 Nxe2+ 30. Rxe2 Rf8 31. Qxf5+ exf5 32. Nf3 Bf4 33. Kg2 b5 34. Bg3 Bxg3 35. Kxg3 Rf6 36. Re7 Kg8 37. Ra7 g5 38. Rxa6 bxc4 39. dxc4 Kf7 40. Ra7+ Kg6 41. a4 f4+ 42. Kf2 h5 43. Ra8 g4 44. hxg4 hxg4 45. Nh4+ Kg5 46. Ng2 Kf5 47. a5 Ke4 48. Nxf4 Rxf4+ 49. Kg3 Rf7 50. Kxg4 Kd4 51. b3 Rb7 52. a6 Rxb3 53. Rd8 Kxc4 54. Rxd6 Ra3 55. Rb6 Kd5 56. Kf4 c4 57. Rh6 c3 58. Ke3 Kc5 59. Kd3 Kb5 1/2-1/2

[Event "Olympiad Women-40"]
[Site "Istanbul"]
[Date "2012.08.28"]
[Round "1.1"]
[White "Mudongo, Boikhutso"]
[Black "Zimina, Olga"]
[Result "0-1"]
[WhiteElo "1862"]
[BlackElo "2327"]
[PlyCount "106"]
[EventDate "2012.08.28"]
[EventType "team-swiss"]
[EventRounds "11"]
[EventCountry "TUR"]
[SourceTitle "CBM 150 Extra"]
[Source "ChessBase"]
[SourceDate "2012.10.19"]
[SourceVersion "1"]
[SourceVersionDate "2012.10.19"]
[SourceQuality "1"]
[WhiteTeam "Botswana (W)"]
[BlackTeam "Italy (W)"]
[WhiteTeamCountry "BOT"]
[BlackTeamCountry "ITA"]

1. e4 c6 2. f4 d5 3. e5 Nh6 4. Nf3 Bg4 5. Be2 Qb6 6. c3 e6 7. Nh4 Bxe2 8. Qxe2 Na6 9. d4 Be7 10. Nf3 Nf5 11. Nbd2 c5 12. Nb3 h5 13. Rb1 c4 14. Nbd2 Qa5 15. a3 b5 16. Nf1 Nb8 17. Ne3 g6 18. 0-0 Nc6 19. Bd2 Qa4 20. Ng5 Rd8 21. Nf3 Na5 22. Qd1 Qxd1 23. Rfxd1 Nb3 24. Nxf5 exf5 25. Be3 a5 26. Nd2 Kd7 27. Re1 Ke6 28. Nf3 b4 29. cxb4 axb4 30. axb4 Rb8 31. Re2 Rxb4 32. Bd2 Nxd2 33. Rxd2 Rhb8 34. Rc2 Rb3 35. Nd2 Rd3 36. Nf3 Rdb3 37. Nd2 R3b6 38. Nf3 Ba3 39. Ng5+ Ke7 40. Re2 Rxb2 41. Rbxb2 Bxb2 42. Nf3 Kd7 43. Rc2 Kc6 44. Kf1 Rb3 45. Ke2 Kb5 46. Nd2 Rb4 47. Nf3 Ka4 48. Kd2 Kb3 49. Kd1 c3 50. Re2 Ra4 51. Re3 Ra1+ 52. Ke2 Bc1 53. Rd3 Bxf4 0-1

[Event "Africa-ch (Women)"]
[Site "Antananarivo"]
[Date "2012.05.11"]
[Round "1"]
[White "Mudongo, Boikhutso"]
[Black "Vilhete, Vania Fausto da T"]
[Result "0-1"]
[WhiteElo "1864"]
[BlackElo "1799"]
[PlyCount "66"]
[EventDate "2012.05.11"]
[EventType "tourn"]
[EventRounds "9"]
[EventCountry "MAD"]
[SourceTitle "CBM 148 Extra"]
[Source "ChessBase"]
[SourceDate "2012.06.22"]
[SourceVersion "1"]
[SourceVersionDate "2012.06.22"]
[SourceQuality "1"]

1. e4 c5 2. Nf3 d6 3. d4 cxd4 4. Nxd4 Nf6 5. Nc3 a6 6. f3 e6 7. Bd3 b5 8. Be3 Qc7 9. Qd2 Nc6 10. Nxc6 Qxc6 11. h4 Bb7 12. g4 Nd7 13. 0-0-0 Ne5 14. Qf2 b4 15. Ne2 Nxd3+ 16. Rxd3 Rc8 17. Nd4 Qc4 18. Kb1 a5 19. b3 Qa6 20. Qe1 Be7 21. g5 d5 22. Bc1 dxe4 23. fxe4 0-0 24. Bb2 Rfd8 25. Rhh3 a4 26. Rd2 axb3 27. cxb3 Bxe4+ 28. Ka1 Ra8 29. Bc1 Rxd4 30. Rb2 Bd5 31. a4 Rd3 32. Rxd3 Qxd3 33. Qg1 Bxb3 0-1